<?xml version="1.0" encoding="UTF-8"?>
<collection xmlns="http://www.loc.gov/MARC21/slim">
  <record>
    <leader>00000nam  2200000   4500</leader>
    <controlfield tag="001">INLIS000000000019946</controlfield>
    <controlfield tag="005">20250506104900</controlfield>
    <datafield tag="035" ind1="#" ind2="#">
      <subfield code="a">0010-0525000029</subfield>
    </datafield>
    <controlfield tag="007">ta</controlfield>
    <controlfield tag="008">250506################g##########0#eng##</controlfield>
    <datafield tag="020" ind1="#" ind2="#">
      <subfield code="a">0 7131 3346 5</subfield>
    </datafield>
    <datafield tag="082" ind1="#" ind2="#">
      <subfield code="a">519.703</subfield>
    </datafield>
    <datafield tag="084" ind1="#" ind2="#">
      <subfield code="a">519.703 NOR e</subfield>
    </datafield>
    <datafield tag="100" ind1=" " ind2="#">
      <subfield code="a">Norman, John M.</subfield>
    </datafield>
    <datafield tag="245" ind1="1" ind2="#">
      <subfield code="a">Elementary Dynamic Programming /</subfield>
      <subfield code="c">John M. Norman</subfield>
    </datafield>
    <datafield tag="250" ind1="#" ind2="#">
      <subfield code="a">Cetakan ke 1</subfield>
    </datafield>
    <datafield tag="260" ind1="#" ind2="#">
      <subfield code="a">London :</subfield>
      <subfield code="b">Edward Arnold,</subfield>
      <subfield code="c">1975</subfield>
    </datafield>
    <datafield tag="300" ind1="#" ind2="#">
      <subfield code="a">92 halaman :</subfield>
      <subfield code="b">ilus ;</subfield>
      <subfield code="c">21,5 cm</subfield>
    </datafield>
    <datafield tag="520" ind1="#" ind2="#">
      <subfield code="a">Dynamic programming is an optimization technique, developed over the past twenty years as a means of solving or simplifying problems through the application, of the principle of optimality. Elementary Dynamic Programming explains the basic concepts of this technique and illustrates its application in a variety of practical situations. The elementary nature of the book is emphasized, since the author has aimed to elucidate a specialized topic in management science and make it accessible to those without a strong mathematical background.&#13;
The book has been developed from lectures given to students at all levels and is intended for use in courses on operational research and management, including the Diploma in Management Studies. The inclusion of a wide range of examples also make it relevant to experienced managers as a demonstration of the importance of modern rational methods in everyday situations.</subfield>
    </datafield>
    <datafield tag="990" ind1="#" ind2="#">
      <subfield code="a">14461</subfield>
    </datafield>
  </record>
</collection>
